Apprendre espagnol jours/mois - Statistiques

Statistiques générales
  • Ce quiz a été pris 81 fois
  • Le résultat moyen est 14 sur 19
Statistiques - réponses
Français Espagnol / Español % Correct
Lundi Lunes
97%
Mardi Martes
92%
Mercredi Miércoles
81%
Jeudi Jueves
76%
Dimanche Domingo
75%
Mars Marzo
73%
Mai Mayo
73%
Novembre Noviembre
71%
Avril Abril
69%
Juillet Julio
69%
Samedi Sábado
69%
Septembre Septiembre
69%
Octobre Octubre
68%
Vendredi Viernes
68%
Janvier Enero
66%
Juin Junio
64%
Décembre Diciembre
63%
Février Febrero
63%
Août Agosto
54%
Aucun quiz correspondant
Distribution des résultats
% des personnes avec chaque résultat
Percentile par nombre de réponses
Votre historique - résultats
Vous n’avez pas pris ce quiz